Barcelona ist viel mehr : überzeugen sie sich selbst! = [Barcelona és molt més (Alemany)] überzeugen sie sich selbst! = [Barcelona és molt més (Alemany)]
Descripción Física:
1 f. plegat en 6 parts : il. col., fot. ; 42 x 58 cm plegat a 21 x 10 cm
MARC
| LEADER | 00000nam a2200000Ia 4500 | ||
|---|---|---|---|
| 001 | 24137 | ||
| 008 | 160829s2014 xx 000 0 cat d | ||
| 080 | |a FU-64-81 | ||
| 245 | |a Barcelona ist viel mehr : |b überzeugen sie sich selbst! = [Barcelona és molt més (Alemany)] | ||
| 260 | |a Barcelona : |b Diputació de Barcelona : |b Turisme de Barcelona, |c 2014 | ||
| 300 | |a 1 f. plegat en 6 parts : |b il. col., fot. ; |c 42 x 58 cm plegat a 21 x 10 cm | ||
| 590 | |a Text bilingüe (alemany-rus). Hi ha un altre exemplar en bilingüe (castellà-anglès) amb R. 23736 i en català-francès amb R. 23737 | ||
| 651 | 0 | |a Barcelona (Catalunya : Província) |x Descripcions i viatges |9 52924 | |
| 710 | 2 | |a Turisme de Barcelona |9 51655 | |
| 710 | 1 | |a Barcelona (Catalunya : Província). |b Diputació |9 52408 | |
| 856 | |u www.barcelonaturisme.cat. |x www.visitbarcelona.com. |x www.barcelonaismuchmore.com | ||
| 901 | |a Arxiu | ||
| 942 | |n 1 | ||
| 952 | |0 0 |1 0 |4 0 |6 FU6481 |7 1 |9 55334 |a Arxiu |b Arxiu |d 2016-12-01 |l 0 |o FU-64-81 |p 24137 |r 2016-12-01 00:00:00 |w 2016-12-01 |y ARXIU | ||
| 999 | |c 59207 |d 59207 | ||